Statistics for Most Powerful Pokémon Moves By Type

Click here to take the quiz!

General Stats

  • This quiz has been taken 2,038 times
  • The average score is 5 of 17

Answer Stats

Hint Answer % Correct
WaterHydro Cannon/Water Spout
72%
GroundEarthquake
69%
GrassFrenzy Plant
53%
NormalExplosion
48%
BugMegahorn
43%
FlyingSky Attack
31%
DragonRoar of Time
29%
FireV-Create
26%
RockHead Smash/Rock Wrecker
26%
PoisonGunk Shot
25%
FightingFocus Punch
23%
GhostShadow Force
21%
PsychicPsycho Boost
18%
SteelDoom Desire
14%
ElectricBolt Strike
13%
DarkFoul Play
12%
IceIce Burn/Freeze Shock
11%

Score Distribution

Percentile by Number Answered

Percent of People with Each Score

Your Score History

You have not taken this quiz